Digital fundamentals / (Record no. 730)

MARC details
000 -LEADER
fixed length control field 00533nam a22002057a 4500
005 - DATE AND TIME OF LATEST TRANSACTION
control field 20250420134822.0
008 - FIXED-LENGTH DATA ELEMENTS--GENERAL INFORMATION
fixed length control field 211111b ||||| |||| 00| 0 eng d
020 ## - INTERNATIONAL STANDARD BOOK NUMBER
International Standard Book Number 9781292075983
040 ## - CATALOGING SOURCE
Transcribing agency KCST
082 ## - DEWEY DECIMAL CLASSIFICATION NUMBER
Classification number 621.3815
Item number Fl Di
100 ## - MAIN ENTRY--PERSONAL NAME
Personal name Floyd, Thomas L.
9 (RLIN) 5465
245 ## - TITLE STATEMENT
Title Digital fundamentals /
Statement of responsibility, etc. Thomas L Floyd
250 ## - EDITION STATEMENT
Edition statement 11
260 ## - PUBLICATION, DISTRIBUTION, ETC.
Place of publication, distribution, etc. Harlow :
Name of publisher, distributor, etc. Pearson Education Limited,
Date of publication, distribution, etc. 2015.
300 ## - PHYSICAL DESCRIPTION
Extent 853 p.
650 ## - SUBJECT ADDED ENTRY--TOPICAL TERM
Topical term or geographic name entry element Digital electronics.
9 (RLIN) 425
650 ## - SUBJECT ADDED ENTRY--TOPICAL TERM
Topical term or geographic name entry element Logic circuits.
9 (RLIN) 5466
942 ## - ADDED ENTRY ELEMENTS (KOHA)
Koha item type Book
942 ## - ADDED ENTRY ELEMENTS (KOHA)
Source of classification or shelving scheme Dewey Decimal Classification
Holdings
Withdrawn status Lost status Source of classification or shelving scheme Damaged status Not for loan Home library Current library Date acquired Cost, normal purchase price Total checkouts Full call number Barcode Date last seen Cost, replacement price Price effective from Koha item type Source of acquisition
    Dewey Decimal Classification     KCST Library KCST Library 11/11/2021 23.29   621.3815 Fl Di 1000000993 11/11/2021 23.29 11/11/2021 Book  
    Dewey Decimal Classification     KCST Library KCST Library 01/09/2025 24.00   621.3815 Fl Di 1000001815 18/12/2025   01/09/2025 Book COSTHE-PO-00591(1)
© 2025 KCST. All rights reserved